| 000 | 01045nmc a2200349 a 4500 | ||
|---|---|---|---|
| 003 | AR-BaBNM | ||
| 005 | 20251128211219.0 | ||
| 008 | 133020s1990 ||||||||||||||000 | spa|| | ||
| 020 | _a950-534-138-5 | ||
| 040 | _cAR-BaBNM | ||
| 110 | 1 | _aArgentina | |
| 240 | 1 | 0 | _aCódigo aduanero |
| 245 | 1 | 0 |
_aCódigo aduanero de la República Argentina _bLey 22.415 (Modificada por las leyes 23.353 y 23. 664 ) y decreto reglamentario 1001/82 (Modificado por los decretos 338/84, 3147/84, 3908/84, 1498/85, 405/87, 1240/88, 1369/88 y 1027/90) |
| 260 |
_aBuenos Aires _bA-Z editora _c1990 |
||
| 300 | _a461 p. | ||
| 490 | 0 | _aCódigos AZ | |
| 500 | _aIndice alfabético p. 436-461 | ||
| 650 | 4 | _aDERECHO MARITIMO | |
| 650 | 4 | _aTRANSPORTE | |
| 650 | 4 | _aADUANA | |
| 650 | 4 | _aARANCELES | |
| 650 | 4 | _aCODIGOS | |
| 650 | 4 | _aCOMERCIO | |
| 650 | 4 | _aCOMERCIO INTERNACIONAL | |
| 650 | 4 | _aEXPORTACIONES | |
| 650 | 4 | _aIMPORTACIONES | |
| 650 | 4 | _aFRONTERAS | |
| 650 | 4 | _aLEGISLACION | |
| 650 | 4 | _aDERECHO | |
| 942 | _cBK | ||
| 998 | _cMariana | ||
| 999 |
_c18745 _d18745 |
||